Catálogo

EL CERCO DE NUMANCIA : (Registro nro. 33379)

Detalles MARC
000 -LEADER
fixed length control field 00509nam a2200193 a 4500
001 - CONTROL NUMBER
control field 33379
005 - DATE AND TIME OF LATEST TRANSACTION
control field 20180714001258.0
008 - FIXED-LENGTH DATA ELEMENTS--GENERAL INFORMATION
fixed length control field 140415s1978 sp 000 0 spa d
020 ## - INTERNATIONAL STANDARD BOOK NUMBER
International Standard Book Number 8423907740
041 ## - LANGUAGE CODE
Language code of text/sound track or separate title spa
082 ## - DEWEY DECIMAL CLASSIFICATION NUMBER
Classification number 860
Item number CER
100 1# - MAIN ENTRY--PERSONAL NAME
Personal name CERVANTES SAAVEDRA, MIGUEL DE
245 13 - TITLE STATEMENT
Title EL CERCO DE NUMANCIA :
Remainder of title EL GALLARDO ESPAÑOL
250 ## - EDITION STATEMENT
Edition statement 5a ed.
260 ## - PUBLICATION, DISTRIBUTION, ETC.
Place of publication, distribution, etc. ESPAÑA :
Name of publisher, distributor, etc. ESPASA-CALPE,
Date of publication, distribution, etc. 1978
300 ## - PHYSICAL DESCRIPTION
Extent 149
490 ## - SERIES STATEMENT
Series statement AUSTRAL
Volume/sequential designation 774
650 14 - SUBJECT ADDED ENTRY--TOPICAL TERM
Topical term or geographic name entry element LITERATURA ESPAOLA
Existencias
Withdrawn status Lost status Source of classification or shelving scheme Damaged status Not for loan Collection code Home library Current library Shelving location Date acquired Source of acquisition Inventory number Total Checkouts Full call number Barcode Price effective from Koha item type
    Dewey Decimal Classification     General Biblioteca Karol Wojtyla Biblioteca Karol Wojtyla Sala general 03/12/2013 Compra 151000000000000000033095   860 CER 50907 03/12/2013 Libro